[Event "3 Copa Simon Bolivar Libertador"]
[Site "Buenos Aires"]
[Date "2010.06.30"]
[Round "6.9"]
[White "Mahia, Gustavo"]
[Black "Languidey, Simon Alejandro"]
[Result "0-1"]
[WhiteElo "2393"]
[BlackElo "2243"]
[PlyCount "109"]
[EventDate "2010.06.27"]

1. e4 e6 2. d4 d5 3. Nc3 Nf6 4. Bg5 Be7 5. e5 Nfd7 6. h4 Bxg5 7. hxg5 Qxg5 8.
Nh3 Qe7 9. Nf4 g6 10. Bd3 Nb6 11. Bxg6 Nc6 12. Bh5 Bd7 13. a3 O-O-O 14. Qd3 Na5
15. b3 Rdf8 16. g3 Kb8 17. Kf1 a6 18. Qe3 Nc6 19. Nce2 f6 20. Nd3 fxe5 21. Nxe5
Nxe5 22. Qxe5 Rhg8 23. Nf4 Rf5 24. Qe3 e5 25. dxe5 Rxe5 26. Qd2 Bb5+ 27. Kg2
Rf5 28. f3 d4 29. Rae1 Qg7 30. Rh3 Bd7 31. Ne2 Rg5 32. g4 Rxh5 33. Rxh5 Bxg4
34. Rg5 Qxg5 35. Qxg5 Rxg5 36. fxg4 Rxg4+ 37. Kf3 Rh4 38. Rd1 c5 39. b4 cxb4
40. axb4 d3 41. cxd3 Nd5 42. b5 axb5 43. Rg1 Kc7 44. Rg7+ Kb6 45. Ng3 b4 46.
Ne4 Rh3+ 47. Kg4 Rxd3 48. Rxh7 b3 49. Rxb7+ Kc6 50. Rb8 Nb6 51. Rh8 b2 52. Rh1
Nc4 53. Rb1 Kb5 54. Nf2 Rd2 55. Nd1 0-1

[Event "3 Copa Simon Bolivar Libertador"]
[Site "Buenos Aires"]
[Date "2010.06.30"]
[Round "6.10"]
[White "Gimenez, Santiago"]
[Black "Fusco, Leonardo"]
[Result "0-1"]
[WhiteElo "2204"]
[BlackElo "2389"]
[PlyCount "82"]
[EventDate "2010.06.27"]

1. e4 e5 2. Nf3 Nc6 3. d4 exd4 4. Nxd4 Bc5 5. Be3 Qf6 6. c3 Nge7 7. Bc4 Ne5 8.
Be2 d6 9. O-O Qg6 10. f4 Qxe4 11. Bf2 Bxd4 12. cxd4 N5g6 13. g3 d5 14. Re1 Qf5
15. Bd3 Qf6 16. Nc3 O-O 17. Qb3 c6 18. a4 Nf5 19. Qb4 h5 20. a5 h4 21. Bf1 Nh6
22. Na4 Ng4 23. Rac1 Nxf4 24. Qd2 Ne6 25. Nc5 Ng5 26. Bg2 h3 27. Bh1 Nf3+ 28.
Bxf3 Qxf3 29. Be3 b6 30. Na4 Bf5 31. Nc3 Rfe8 32. Bf4 Bd3 33. b4 b5 34. a6 f6
35. Bd6 Kf7 36. Be5 Kg6 37. Rcd1 Kh5 38. Bd6 Rxe1+ 39. Rxe1 Re8 40. Be5 fxe5
41. Nxb5 exd4 0-1

[Event "3 Copa Simon Bolivar Libertador"]
[Site "Buenos Aires"]
[Date "2010.07.01"]
[Round "7.1"]
[White "Flores, Diego"]
[Black "Mareco, Sandro"]
[Result "0-1"]
[WhiteElo "2584"]
[BlackElo "2535"]
[PlyCount "138"]
[EventDate "2010.06.27"]

1. d4 Nf6 2. c4 e6 3. Nc3 Bb4 4. Nf3 c5 5. g3 cxd4 6. Nxd4 Ne4 7. Qd3 Nxc3 8.
bxc3 Be7 9. Nb5 Nc6 10. Bf4 e5 11. Be3 d6 12. c5 d5 13. Bg2 a6 14. Nd6+ Bxd6
15. cxd6 Be6 16. Bxd5 Qxd6 17. Bb3 Qxd3 18. exd3 Bg4 19. Bb6 Bf3 20. Rg1 Nb8
21. Kd2 Nd7 22. Bc7 f6 23. Rge1 Nc5 24. Re3 Nxb3+ 25. axb3 Bc6 26. c4 Kd7 27.
Bb6 Rae8 28. f4 exf4 29. gxf4 Rxe3 30. Bxe3 Re8 31. Rg1 g6 32. Rg3 Ke6 33. Rg1
Kf5 34. h3 h6 35. d4 g5 36. d5 Bd7 37. fxg5 hxg5 38. h4 gxh4 39. Rg7 Bc8 40.
Rh7 Kg4 41. Ke2 h3 42. Kf2 Rxe3 43. Kxe3 Kg3 44. d6 h2 45. d7 Bxd7 46. Rxd7
h1=Q 47. Rg7+ Kh2 48. Rh7+ Kg2 49. Rxh1 Kxh1 50. Kf2 a5 51. c5 Kh2 52. Kf3 Kg1
53. Ke3 Kf1 54. Kd3 Ke1 55. Kc4 f5 56. Kb5 f4 57. Kxa5 f3 58. Kb6 f2 59. Kxb7
f1=Q 60. c6 Qb5+ 61. Kc7 Qxb3 62. Kc8 Qe6+ 63. Kb7 Qd5 64. Kb6 Qf5 65. Kc7 Kd2
66. Kd8 Qd5+ 67. Kc7 Kc3 68. Kb6 Qe5 69. Kb7 Qb5+ 0-1

[Event "3 Copa Simon Bolivar Libertador"]
[Site "Buenos Aires"]
[Date "2010.07.01"]
[Round "7.3"]
[White "Perez Ponsa, Federico"]
[Black "de Dovitiis, Alejo"]
[Result "1-0"]
[WhiteElo "2463"]
[BlackElo "2361"]
[PlyCount "51"]
[EventDate "2010.06.27"]

1. e4 a6 2. d4 b5 3. Bd3 Bb7 4. Nf3 e6 5. O-O c5 6. c3 Nf6 7. Nbd2 Be7 8. dxc5
Bxc5 9. e5 Nd5 10. Ne4 Be7 11. a4 bxa4 12. Rxa4 O-O 13. Neg5 f5 14. exf6 Nxf6
15. Qc2 h6 16. Bh7+ Kh8 17. Ne5 hxg5 18. Bxg5 Nxh7 19. Ng6+ Kg8 20. Nxe7+ Qxe7
21. Bxe7 Rf5 22. Rd1 Bc6 23. Rh4 Ng5 24. Bxg5 Rxg5 25. Qh7+ Kf7 26. Rf4+ 1-0

[Event "3 Copa Simon Bolivar Libertador"]
[Site "Buenos Aires"]
[Date "2010.07.01"]
[Round "7.4"]
[White "Goldwaser, Christian"]
[Black "Filgueira, Hernan"]
[Result "1/2-1/2"]
[WhiteElo "2432"]
[BlackElo "2347"]
[PlyCount "83"]
[EventDate "2010.06.27"]

1. Nf3 d5 2. d4 Nf6 3. c4 dxc4 4. e3 e6 5. Bxc4 c5 6. O-O a6 7. Bd3 Nbd7 8. Re1
b6 9. e4 cxd4 10. e5 Nd5 11. Nxd4 Nc5 12. Bf1 Bb7 13. a3 Ne7 14. b4 Nd7 15. Bg5
Qb8 16. Qh5 h6 17. Nc3 g6 18. Qh4 Nf5 19. Nxf5 gxf5 20. Rad1 Rg8 21. Qd4 Bc6
22. Bf6 b5 23. Ne2 Nxf6 24. exf6 Rg4 25. Qc3 Qb7 26. h3 Rc4 27. Qd2 Re4 28. Qc3
Rc8 29. Qg3 Qc7 30. Qg8 Qe5 31. Qh8 f4 32. Rd3 Bd5 33. f3 Re3 34. Qh7 Bc4 35.
Rd2 Rxa3 36. Red1 Bd5 37. Rc2 Rxc2 38. Qxc2 Qxf6 39. Qc7 Ra1 40. Qc8+ Ke7 41.
Qc7+ Ke8 42. Qc8+ 1/2-1/2

[Event "3 Copa Simon Bolivar Libertador"]
[Site "Buenos Aires"]
[Date "2010.07.01"]
[Round "7.5"]
[White "Languidey, Simon Alejandro"]
[Black "Saldaño Dayer, Horacio"]
[Result "0-1"]
[WhiteElo "2243"]
[BlackElo "2432"]
[PlyCount "110"]
[EventDate "2010.06.27"]

1. e4 d6 2. d4 Nf6 3. Nc3 e5 4. Nf3 Nbd7 5. dxe5 dxe5 6. Bc4 Be7 7. O-O O-O 8.
Qe2 c6 9. a4 a5 10. Bg5 Nh5 11. Be3 Qc7 12. Rad1 Nc5 13. Nxe5 Qxe5 14. f4 Nxf4
15. Bxf4 Qf6 16. Qe3 Qg6 17. Rf3 Ne6 18. Bd6 Bxd6 19. Rxd6 Qg5 20. Bxe6 Qxe3+
21. Rxe3 Bxe6 22. Red3 Rfe8 23. Kf2 Kf8 24. Kf3 Ke7 25. R6d4 f6 26. Nd1 Rad8
27. Ne3 Rxd4 28. Rxd4 g6 29. Kf4 Rf8 30. g4 h6 31. Rd2 g5+ 32. Kf3 h5 33. Nf5+
Bxf5 34. gxf5 Re8 35. e5 fxe5 36. Ke4 Kf6 37. Rd6+ Kf7 38. Rh6 h4 39. f6 Ke6
40. Rg6 Rd8 41. f7+ Kxf7 42. Rxg5 Rd2 43. Kxe5 Rxc2 44. Kd6 Rxh2 45. Rxa5 Kg6
46. b4 Rb2 47. Kc5 h3 48. Ra8 Kg7 49. Re8 h2 50. Re1 Kg6 51. b5 cxb5 52. a5 Rg2
53. Rh1 b4 54. Kb6 b3 55. Kxb7 b2 0-1

[Event "3 Copa Simon Bolivar Libertador"]
[Site "Buenos Aires"]
[Date "2010.07.01"]
[Round "7.6"]
[White "Fusco, Leonardo"]
[Black "Espinoza Palomino, Willyam"]
[Result "1/2-1/2"]
[WhiteElo "2389"]
[BlackElo "2286"]
[PlyCount "59"]
[EventDate "2010.06.27"]

1. d4 Nf6 2. c4 e6 3. Nc3 Bb4 4. Qc2 O-O 5. a3 Bxc3+ 6. Qxc3 b6 7. Bg5 Ba6 8.
Qf3 Nc6 9. e3 Na5 10. Rc1 c5 11. d5 h6 12. Bxf6 Qxf6 13. Qxf6 gxf6 14. Nf3 Rfc8
15. Nd2 Rab8 16. Ne4 Kg7 17. g4 Bxc4 18. dxe6 Bxe6 19. Bd3 d5 20. Ng3 Bxg4 21.
Bf5 Bxf5 22. Nxf5+ Kf8 23. Rg1 Nc4 24. b3 Ne5 25. Ke2 Ng6 26. Nxh6 Ke7 27. Nf5+
Ke6 28. Ng7+ Ke7 29. Nf5+ Ke6 30. Ng7+ 1/2-1/2

[Event "3 Copa Simon Bolivar Libertador"]
[Site "Buenos Aires"]
[Date "2010.07.01"]
[Round "7.7"]
[White "Piñeiro, Dario"]
[Black "Bronstein, Luis Marcos"]
[Result "1-0"]
[WhiteElo "2076"]
[BlackElo "2361"]
[PlyCount "121"]
[EventDate "2010.06.27"]

1. e4 e5 2. Nf3 Nc6 3. Bb5 a6 4. Ba4 Nf6 5. Qe2 b5 6. Bb3 Bc5 7. c3 O-O 8. O-O
d5 9. d3 d4 10. Rd1 a5 11. a3 Bg4 12. h3 Be6 13. Nbd2 Qd6 14. a4 bxa4 15. Bxe6
Qxe6 16. Rxa4 Nh5 17. Nxd4 Nf4 18. Qf3 Nxd4 19. cxd4 Qd7 20. b3 Bxd4 21. Nc4
Ne6 22. Rxa5 Rxa5 23. Nxa5 Qb5 24. Bd2 Ra8 25. b4 c5 26. Nc4 cxb4 27. Nd6 Qd7
28. Bxb4 Ra2 29. Rf1 Rb2 30. Ba3 Rb3 31. Nc4 Rxd3 32. Qg4 Qa4 33. Rc1 Rxa3 34.
Nxa3 Qxa3 35. Rc8+ Nf8 36. Rc2 g6 37. Kh2 Kg7 38. Qe2 Ne6 39. Ra2 Qb3 40. g3 h5
41. h4 Nc5 42. Rd2 Bxf2 43. Qxf2 Nxe4 44. Rb2 Qc3 45. Qg2 Nxg3 46. Rf2 Nf5 47.
Rxf5 f6 48. Rxh5 Qb4 49. Rf5 Qxh4+ 50. Kg1 Qe1+ 51. Rf1 Qe3+ 52. Kh2 Qh6+ 53.
Qh3 Qd2+ 54. Kh1 f5 55. Qh4 Qd5+ 56. Kg1 f4 57. Kh2 Qd2+ 58. Rf2 Qe3 59. Rg2
Qe4 60. Qe7+ Kg8 61. Rd2 1-0

[Event "3 Copa Simon Bolivar Libertador"]
[Site "Buenos Aires"]
[Date "2010.07.01"]
[Round "7.8"]
[White "Iermito, Sebastian"]
[Black "Quenallata, Luciano"]
[Result "1-0"]
[WhiteElo "2457"]
[BlackElo "2197"]
[PlyCount "123"]
[EventDate "2010.06.27"]

1. e4 e6 2. d4 d5 3. Nd2 c5 4. exd5 exd5 5. Ngf3 Nf6 6. Be2 Nc6 7. O-O Bd6 8.
dxc5 Bxc5 9. Nb3 Bb6 10. Bg5 Be6 11. Nfd4 O-O 12. c3 h6 13. Bh4 Ne5 14. Bg3 Bc7
15. Nc5 Bc8 16. Re1 Ng6 17. Bf3 Bxg3 18. hxg3 b6 19. Nd3 Bb7 20. Bh5 Nxh5 21.
Qxh5 Qf6 22. Re3 Rae8 23. Rae1 Re4 24. f3 Re7 25. Rxe7 Nxe7 26. Qh4 Qxh4 27.
gxh4 Nc6 28. Nxc6 Bxc6 29. Re7 Re8 30. Rxe8+ Bxe8 31. Kf2 Kf8 32. Nb4 Ke7 33.
Nxd5+ Kd6 34. Nb4 Kc5 35. Nd3+ Kc4 36. Ke3 a5 37. Kd2 a4 38. Kc2 f6 39. b3+
axb3+ 40. axb3+ Kd5 41. Kd2 g5 42. hxg5 hxg5 43. Ke3 b5 44. Nf2 f5 45. g3 Bf7
46. Nh3 g4 47. fxg4 fxg4 48. Nf2 Kc5 49. Ne4+ Kd5 50. Kf4 Be6 51. Nd2 Bd7 52.
Nf1 Kc5 53. Ke5 b4 54. c4 Bc6 55. Nd2 Bf3 56. Ne4+ Kc6 57. Nf2 Kc5 58. Nd3+ Kb6
59. Kd6 Ka5 60. Ne5 Bd1 61. Nc6+ Kb6 62. Nd4 1-0

[Event "3 Copa Simon Bolivar Libertador"]
[Site "Buenos Aires"]
[Date "2010.07.01"]
[Round "7.10"]
[White "Quiroga, Facundo"]
[Black "Pierrot, Facundo"]
[Result "1-0"]
[WhiteElo "2326"]
[BlackElo "2431"]
[PlyCount "57"]
[EventDate "2010.06.27"]

1. Nf3 Nf6 2. c4 c5 3. g3 b6 4. Bg2 Bb7 5. O-O e6 6. Nc3 Be7 7. Re1 d6 8. e4 a6
9. d4 cxd4 10. Nxd4 Qc7 11. Be3 Nbd7 12. f4 O-O 13. Rc1 Rfe8 14. g4 g6 15. g5
Nh5 16. f5 exf5 17. Nd5 Qd8 18. Nxf5 Bxg5 19. Bxg5 Qxg5 20. h4 Qd8 21. Nxd6 Re5
22. Nxb7 Qxh4 23. Re3 Rg5 24. Ne7+ Kf8 25. Qxd7 Nf4 26. Rc2 Rg3 27. Rxg3 Qxg3
28. Rf2 Qe3 29. Nxg6+ 1-0